BIBLIOTHÈQUE DE LA MAISON DU MEXIQUE

Logo 1 Logo 2

Ocios literarios (notice nᵒ 6118)

détails MARC
000 -Sello discográfico
campo de control de longitud fija 01063nam a2200301 4500
005 - Identificación de versión
campo de control 20251016084606.0
099 ## - fechas locales
Tipo de ítem Koha LIBRO
100 ## - Datos de procesamiento general
Datos de procesamiento general 20220614d1962 m y1spay5003 ba
105 ## - Campo de datos codificados: Material textual, monográfico
Datos codificados de monografía a 001gy
200 1# - Título y mención de responsabilidad
Título propio Ocios literarios
Designación general del material texto impreso
Primer mención de responsabilidad Francisco Eduardo Tresguerras
Declaración de responsabilidad subsiguiente edición, prólogo y notas Francisco de la Maza
205 ## - Declaración de edición
Declaración de edición 1a ed
210 ## - Publicación, distribución, etc.
Lugar de publicación, distribución, etc. México
Nombre del editor, distribuidor, etc. Universidad Nacional Autónoma de México, Instituto de Investigaciones Estéticas
Fecha de publicación, distribución, etc. 1962
215 ## - Descripción física
Designación de material específico y extensión del ítem 219 p
Otras características físicas il.
Dimensiones 24 cm
300 ## - Notas generales
Texto de la nota Incluye índice de nombres e ilustraciones
345 ## - Nota de información de adquisición
Fuente de adquisición/dirección de la suscripción [OBSOLETO] Donación
410 #1 - Series
Título Estudios y Fuentes del Arte en México
Número de volumen 12
606 ## - Término temático usado como materia
Elemento de entrada Poesía mexicana
Subdivisión cronológica Siglo XIX
Número Koha 5072
660 ## - Código de área geográfica
Código MX
700 ## - Nombre personal - Responsabilidad primaria
Elemento de entrada Tresguerras
Parte del nombre distinta del elemento de entrada Francisco Eduardo
Fechas 1745-1833
Número Koha 11686
702 ## - Nombre personal - Responsabilidad secundaria
Elemento de entrada Maza y de la Cuadra
Parte del nombre distinta del elemento de entrada Francisco de la
Fechas 1913-1972
Número Koha 2526
801 #0 - Fuente de origen
País FR
Agencia cm
Reglas de catalogación (convenciones descriptivas) AFNOR
900 ## -
-- 1/21692
900 ## -
-- 7100417642\080104
942 ## - ELEMENTOS DE ENTRADA SECUNDARIOS (KOHA)
Tipo de ítem Koha Livre
996 ## -
-- MEX
-- 751145101
-- MMAG
-- 006553
-- 709.72 E82 V.12
-- 20220614LIV
Exemplaires
Estatus retirado Estado de daño Estado de pérdida Fecha de adquisición Biblioteca de origen Biblioteca actual Ubicación en estantería Código de barras Precio de reemplazo Signatura topográfica completa No para préstamo Tipo de ítem Koha Nota pública Nota no pública
      05/08/2025 Casa México Paris Casa México Paris   006553 05/08/2025 709.72 E82 V.12   Livre 20220614LIV 751145101